| 000 | 01244nam0a2200361 4500 | ||
|---|---|---|---|
| 001 | RU\NLR\BIBL_A\012437659 | ||
| 005 | 20210129145112.0 | ||
| 010 |
_a978-5-04-102051-4 _93000 |
||
| 021 |
_aRU _bКН-П-20-057007 _9КН-П-20-4253 |
||
| 035 | _a(NLR Aleph) 012437659 | ||
| 035 | _a(RuMoRGB)010426384 | ||
| 090 |
_a11909599 _c11909599 |
||
| 100 | _a20210122d2020 e y0rusy50 ca | ||
| 101 | 1 |
_arus _cger |
|
| 102 | _aRU | ||
| 105 | _ay z 000ay | ||
| 181 | 0 |
_ai _baxxe |
|
| 182 | 0 | _an | |
| 200 | 1 |
_aКорона тьмы _iРождение магии _fЛаура Кнайдль _g[перевод с немецкого М. Косарим] |
|
| 203 |
_aТекст _bвизуальный _cнепосредственный |
||
| 210 |
_aМосква _cFreedom _cЭксмо _d2020 |
||
| 215 |
_a668, [1] с. _d21 |
||
| 225 | 1 |
_aYoung Adult _iКорона тьмы |
|
| 320 | _aДр. кн. авт. на 2-й с. | ||
| 333 | _a18+ | ||
| 686 | 1 | _aШ6(4Ф)07-445(Лх1359.2-62) | |
| 700 | 1 |
_7ca _8rus _aКнайдль _bЛ. _f1990- _gЛаура _9223964 _3RU\NLR\AUTH\770224020 |
|
| 942 | _cBOOK | ||
| 980 | _aNBR | ||
| 980 | _aNB | ||